|
|
|
|
| LEADER |
00000naa2a2200000 4500 |
| 001 |
131340 |
| 005 |
20231031134404.0 |
| 035 |
|
|
|a (RuTPU)RU\TPU\book\142257
|
| 090 |
|
|
|a 131340
|
| 100 |
|
|
|a 20080215d2007 k y0rusy50 ca
|
| 101 |
0 |
|
|a rus
|
| 102 |
|
|
|a RU
|
| 200 |
1 |
|
|a Установка для безотборной диагностики наночастиц в плазме
|f А. Н. Бурдовицын, В. С. Серебренников, А. В. Панков
|
| 320 |
|
|
|a Библиогр.: 3 назв.
|
| 461 |
|
1 |
|0 (RuTPU)RU\TPU\book\136926
|t Современные техника и технологии
|o 13-я Международная научно-практическая конференция студентов, аспирантов и молодых ученых, г. Томск, 26-30 марта 2007 г.
|o труды в 3 т.
|f Томский политехнический университет (ТПУ)
|d 2007
|
| 463 |
|
0 |
|0 (RuTPU)RU\TPU\book\136414
|t Т. 3
|v С. 22-24
|d 2007
|p 400 с.
|
| 610 |
1 |
|
|a диагностика
|
| 610 |
1 |
|
|a безотборная диагностика
|
| 610 |
1 |
|
|a наночастицы
|
| 610 |
1 |
|
|a плазма
|
| 610 |
1 |
|
|a фуллерены
|
| 610 |
1 |
|
|a нанотрубки
|
| 610 |
1 |
|
|a безотборный контроль
|
| 610 |
1 |
|
|a плазменные технологии
|
| 610 |
1 |
|
|a гетерогенная плазма
|
| 610 |
1 |
|
|a труды учёных ТПУ
|
| 700 |
|
1 |
|a Бурдовицын
|b А. Н.
|
| 701 |
|
1 |
|a Серебренников
|b В. С.
|
| 701 |
|
1 |
|a Панков
|b А. В.
|
| 801 |
|
1 |
|a RU
|b 63413507
|c 20080215
|g PSBO
|
| 801 |
|
2 |
|a RU
|b 63413507
|c 20141020
|g RCR
|
| 942 |
|
|
|c BK
|